000 00668nam a2200241 i 4500
001 C2-0308343
003 PPAK
005 20180728095147.0
008 110427s1973 xx |||| ||||| | eng d
020 _a0715341596
040 _aPPAK
_beng
_cPPAK
_erda
082 0 4 _a808.0669
_223
090 0 0 _a808.0669
_bFIN
_dKMI
100 1 _aFinberg, H.P.R.,
_eauthor
245 1 0 _aLocal history :
_bobjective and pursuit
264 1 _bDavid & Charles ,
_c1973
300 _aix, 132 pages ;
_c18 cm
336 _2rdacontent
_atext
337 _2rdamedia
_aunmediated
338 _2rdacarrier
_avolume
650 1 0 _aLocal history - Handbooks, manual,etc.
942 _ddc
_cB
999 _c110955
_d110955